• 首页
  • 本馆介绍
  • 公告通知
  • 最新文献
  • 馆藏检索
  • 电子资源
  • 读者导购
  • 参考咨询
  • 我的图书馆
  • 登录
  • 详细信息显示
  • 放入我的书架
  • 预约/预借图书
  • 作者相关作品
  • 分类相关作品
  • 丛书相关作品
  • 出版社相关作品

书目信息

  • 表格格式
  • 工作单格式
  • 卡片格式
题名:
巴西独立运动
    
 
作者: 周世秀 著
分册:  
出版信息: 北京   商务印书馆  1985
页数: 47页
开本: 19cm
丛书名: 外国历史小丛书
单 册:
中图分类: K777.3
科图分类:
主题词: 独立运动--巴西
电子资源:
ISBN:
000 00713nam2 2200277 45
001 0185009191
005 20040510163359.8
010    @dCNY0.22
091    @a11017.678
100    @a19901008d1985 em y0chiy0121 ea
101 0  @achi
102    @aCN@b110000
105    @ay z 000yy
106    @ar
200 10 @a巴西独立运动@Aba xi du li yun dong@f周世秀著
210    @a北京@c商务印书馆@d1985
215    @a47页@d19cm
225 2  @a外国历史小丛书
410  0 @120010@a外国历史小丛书
606    @a独立运动@y巴西
607    @a巴西@x独立运动
690    @aK777.3@v3
701  0 @a周世秀@Azhou shi xiu@4著
801  0 @aCN@b深圳图书馆@c20040510
801  2 @aCN@bNLC@c20040510
905    @f1@b217729@dK777.3@e2
    
    巴西独立运动/周世秀著.-北京:商务印书馆,1985
    47页;19cm.-(外国历史小丛书)
    
    
    ISBN :CNY0.22
    
●
相关链接 在E读中查询图书 在五车中查询图书 在当当中查询图书 在豆瓣中查询图书


正题名:巴西独立运动     索取号:K777.3/2         预约/预借

序号 登录号 条形码 馆藏地/架位号 状态 备注
1 0217729   001413857   密集书库/ [索取号:K777.3/2] 在馆    
2 0217730   001413777   密集书库/ [索取号:K777.3/2] 在馆    
3 0217731   001413811   第二样本阅览室/ [索取号:K777.3/2] 在馆    
唐山师范学院图书馆 欢迎您!
大连网信软件有限公司© 版权所有